| 000 | 01178nam a2200277 n 4500 | ||
|---|---|---|---|
| 003 | OSt | ||
| 005 | 20240513113029.0 | ||
| 008 | 240513s2011 my a f 000 0 may d | ||
| 020 | _qpaperback | ||
| 040 |
_aPPAK _beng _cPPAK _erda |
||
| 082 | 0 | 4 |
_223 _a959.51120208 |
| 090 | 0 | 0 |
_a959.51120208 _bFOR _dKWS |
| 245 | 0 | 0 |
_aFORUM GLOBAL : _bKEMASYHURAN KG. TEBING DAN KETOKOHAN TOK NAI SIN DI PERINGKAT GLOBAL DI AWAL ABAD KE 20 |
| 264 | 1 |
_aHosba, Jitra : _bUniversiti Pendidikan Sains Idris, _c[2011?] |
|
| 300 |
_avolume (various pages) : _billustrations ; _c30 cm |
||
| 336 |
_atext _2rdacontent |
||
| 337 |
_aunmediated _2rdamedia |
||
| 338 |
_avolume _2rdacarrier |
||
| 546 | _aText pararell in Bahasa Melayu and English. | ||
| 651 | 0 |
_aKedah (Hosba, Jitra) _xHistory _vCongresses |
|
| 710 | 2 |
_aPusat Pendidikan Global Aminuddin Baki (PPGAB), _dorganizer. |
|
| 710 | 2 |
_aUPSI dan Himpunan Anak Kedah (HAK), _eorganizer. |
|
| 710 | 2 |
_aMajlis Ketua Kampung (MKK), _eorganizer. |
|
| 710 | 2 |
_aJawatankuasa Kemajuan dan Keselamatan Kampung Persekutuan (JKKKP) _c(Surau Kg. Tebing, Mk Hosba, Jitra, Kedah, _d28 Mei 2011 (Sabtu) ) _eorganizer. |
|
| 942 |
_2ddc _cB |
||
| 999 |
_c195787 _d195787 |
||